Peter Sloterdijk. Invente-toi ton héritage (notice n° 2056565)
[ vue normale ]
| 000 -LEADER | |
|---|---|
| fixed length control field | 00608cam a2200193 4500500 |
| 005 - DATE AND TIME OF LATEST TRANSACTION | |
| control field | 20260405002322.0 |
| 041 ## - LANGUAGE CODE | |
| Language code of text/sound track or separate title | fre |
| 042 ## - AUTHENTICATION CODE | |
| Authentication code | dc |
| 100 10 - MAIN ENTRY--PERSONAL NAME | |
| Personal name | Nassif, Philippe |
| Relator term | author |
| 245 00 - TITLE STATEMENT | |
| Title | Peter Sloterdijk. Invente-toi ton héritage |
| 260 ## - PUBLICATION, DISTRIBUTION, ETC. | |
| Date of publication, distribution, etc. | 2016.<br/> |
| 500 ## - GENERAL NOTE | |
| General note | 90 |
| 690 ## - LOCAL SUBJECT ADDED ENTRY--TOPICAL TERM (OCLC, RLIN) | |
| Topical term or geographic name as entry element | Condition humaine |
| 690 ## - LOCAL SUBJECT ADDED ENTRY--TOPICAL TERM (OCLC, RLIN) | |
| Topical term or geographic name as entry element | Existence |
| 690 ## - LOCAL SUBJECT ADDED ENTRY--TOPICAL TERM (OCLC, RLIN) | |
| Topical term or geographic name as entry element | histoire des idées |
| 690 ## - LOCAL SUBJECT ADDED ENTRY--TOPICAL TERM (OCLC, RLIN) | |
| Topical term or geographic name as entry element | Peter Sloterdijk |
| 786 0# - DATA SOURCE ENTRY | |
| Note | Philosophie magazine | 105 | 12-1 | 2016-12-01 | p. 38-39 | 1951-1787 |
| 856 41 - ELECTRONIC LOCATION AND ACCESS | |
| Uniform Resource Identifier | <a href="https://shs.cairn.info/magazine-philosophie-magazine-2016-12-1-page-38?lang=fr&redirect-ssocas=7080">https://shs.cairn.info/magazine-philosophie-magazine-2016-12-1-page-38?lang=fr&redirect-ssocas=7080</a> |
Pas d'exemplaire disponible.




Réseaux sociaux